000 00435nam a2200181Ia 4500
001 12947
005 20260306163018.0
008 260306t2002||||xx |||||||||||||| ||spa||
041 _aESP
082 _aRD 463.1
_bO28D
100 _aEditorial Océano
_eAUT
245 0 _aDiccionario sinónimos y antónimos
260 _c2002
300 _a1024 páginas :
_c26 cm.
650 _aGEN
654 _aCHU
942 _cDIC
_dJUS
_fJUS
_2ddc
_n
999 _c12947
_d12947